Gardens in France /

Na minha lista:
Detalhes bibliográficos
Formato: Livro
Idioma:francês
inglês
alemão
Publicado em: Koln : Taschen, 2008
Assuntos:
Tags: Adicionar Tag
Sem tags, seja o primeiro a adicionar uma tag!

MARC

LEADER 00000nam a22000003a 4500
001 stu177415
005 20141123071045.3
008 081217s2008------------------------fre-d
020 |a 978-3-8365-0309-9 
040 |a STU  |b slo 
041 0 |a fre  |a eng  |a ger 
245 |a Gardens in France /  |c Ed by Angelika Taschen 
260 |a Koln :  |b Taschen,  |c 2008 
300 |a 339 s 
650 7 |a záhrady francúzske  |2 stusub 
650 7 |a záhradná architektúra  |2 stusub 
996 |b 284AU04199  |c A*6196 U  |l AAKNST  |s P  |a 0  |w stu177415_0001